| 000 | 00372 a2200169 4500 | ||
|---|---|---|---|
| 001 | 190179 | ||
| 020 | _a85-06-02190-1 | ||
| 040 | _cMagnum | ||
| 100 | _aAzevedo, Ricardo | ||
| 240 | 1 | 0 |
_aPobre corintiano careca _lpor |
| 245 | 1 | 0 | _aPobre corintiano careca |
| 300 | _a104 | ||
| 362 | 0 | _a1999 | |
| 440 | 1 | _aMelhoramentos | |
| 697 | _aLITERATURA JUVENIL | ||
| 942 | _cBK | ||
| 999 |
_c190179 _d190179 |
||